| 000 | 00700cam a2200253 a 4500 | ||
|---|---|---|---|
| 001 | 13164205 | ||
| 005 | 20180309051933.0 | ||
| 008 | 030416s2004 caua 001 0 eng | ||
| 010 | _a 2003105608 | ||
| 020 | _a0030355230 | ||
| 020 | _a0534417965 (CDROM) | ||
| 035 | _a(DLC) 2003105608 | ||
| 040 |
_aDLC _cDLC _dDLC |
||
| 041 | _aeng | ||
| 080 | _a543 | ||
| 082 | 0 | 0 |
_a543 SKO _222 |
| 100 | _a12 | ||
| 101 | _aKIM | ||
| 245 | 0 | 0 | _aFundamentals of analytical chemistry. |
| 246 | 3 | 0 | _aAnalytical chemistry |
| 906 |
_a7 _bcbc _corignew _d3 _eepcn _f20 _gy-gencatlg |
||
| 942 |
_2ddc _cBK |
||
| 999 |
_c44563 _d44563 |
||